=LDR 00000nam 2200000 4500 =001 INLIS000000000000488 =005 20150317095940.0 =006 =007 =008 Ind =035 ##$$0010-061300000000488 =041 ##$$a Ind =082 ##$$a 782.7 =090 ##$$a 782.7 Flo p =100 ##$$a Florentine =245 ##$$a Pak Dol bintang kecil, Kumpulan lagu anak-anak / Florentine =260 ##$$a Jakarta $b Grasindo $c 1991 =300 ##$$a ...jild. : ilus. ; 14 cm =650 ##$$a Nyanyian kanak-kanak =850 ##$$a NBPNMAT